000 00520nam a2200181Ia 4500
003 GCL
008 140319s9999 xx 000 0 ara d
040 _aGCL /
_cGCL
082 0 4 _a091.1
_bى ت
100 1 _aيوسف زيدان
245 1 0 _aالتراث المجهول: اطلاله على عالم المخطوطات /
_cيوسف زيدان
300 _a360 ص
490 _aتراثنا
_v0
650 0 4 _aالتراث
650 0 4 _aالمخطوطات
650 0 4 _aالببليوجرافيا
942 _2ddc
_cBK
999 _c41989
_d41989